00443nam a2200133Ia 450000500170000000800410001704100080005810000240006624500290009026000380011930000200015799900190017795201130019620251223131553.0251219s9999 xx 000 0 und d aeng aPadamsee A 9216013 aLet me hijack your mind bPenguin random house /Indiac2022 a229bHard Bound c369548d369548 00104070aHIMRbHIMRd2025-12-12g1.00l0pHIMR-DB-3294r2025-12-23 13:15:53v1.00w2025-12-23yDBzDB3294